| 000 | 01166nam a22003017a 4500 | ||
|---|---|---|---|
| 003 | OSt | ||
| 005 | 20260326074945.0 | ||
| 008 | 260326b |||||||| |||| 00| 0 eng d | ||
| 020 | _a0374387060 | ||
| 020 | _a9780374387068 | ||
| 040 | _cFRANCES FOSTER BOOKS | ||
| 041 | _aeng | ||
| 050 |
_aPZ 7 .K67 2001 _b.K67 2001 |
||
| 100 | _aKlass, David. | ||
| 245 |
_aYou don't know me : _ba novel _cDavid Klass. |
||
| 250 | _aFirst edition. | ||
| 260 |
_aNew York : _bFarrar, Straus and Giroux, _c2001. |
||
| 300 |
_a262 pages, _bhardcover; _c22cm. |
||
| 500 | _a "First published March 28, 2001." (approx.) :contentReference[oaicite:2]{index=2} | ||
| 520 | _a Fourteen‑year‑old John creates alternative realities in his mind as he tries to deal with his mother's abusive boyfriend , his crush on a beautiful , but shallow classmate and other problems at school. | ||
| 600 | _aKlass, David. (Author) | ||
| 650 |
_aChild abuse _vFiction |
||
| 650 |
_aHigh schools _vFiction |
||
| 650 |
_aSelf‑perception in adolescence _vFiction |
||
| 655 |
_2lcgft _aYoung adult fiction |
||
| 710 |
_aFarrar, Straus and Giroux, _epublisher. |
||
| 942 |
_2lcc _cBK _e1st ed. _n0 |
||
| 999 |
_c10002 _d10002 |
||